Multilingual thesaurus on land tenure / (Record no. 11328)

000 -LEADER
fixed length control field 01207cam a2200205 a 4500
020 ## - INTERNATIONAL STANDARD BOOK NUMBER
ISBN 9251042837 (pbk.)
040 ## - CATALOGING SOURCE
Transcribing agency FQG
082 00 - DEWEY DECIMAL CLASSIFICATION NUMBER
Classification number 333 FOO 2003 A015 Or.
245 10 - TITLE STATEMENT
Title Multilingual thesaurus on land tenure /
250 ## - EDITION STATEMENT
Edition statement English version.
260 ## - PUBLICATION, DISTRIBUTION, ETC. (IMPRINT)
Place of publication Rome :
Name of publisher Food and Agriculture Organization of the United Nations,
Year of publication 2003.
300 ## - PHYSICAL DESCRIPTION
Number of Pages xi, 197 p. :
Other physical details col. ill. ;
Dimensions 21 cm.
500 ## - GENERAL NOTE
General note Translation of: Thésaurus multilingue du foncier.
500 ## - GENERAL NOTE
General note "TC/M/X2038/E/1/10.03/2500"--P. [4] of cover.
520 ## - SUMMARY, ETC.
Summary, etc Many countries are showing renewed interest in the different ways of accessing natural resources with a view to the eventual introduction of land tenure reforms, in the context of food security, worldwide poverty alleviation, environmental protection or quality of life. This English version constitutes the third volume of a linguistic polyptych, starting with the French and Spanish versions. The book covers the socio-cultural differences in the field of land tenure of the different linguistic contexts in which they are found.
650 #0 - SUBJECT ADDED ENTRY--TOPICAL TERM
Topical Term Land tenure
700 1# - ADDED ENTRY--PERSONAL NAME
Personal name Ciparisse, Gérard,
710 2# - ADDED ENTRY--CORPORATE NAME
Corporate name or jurisdiction name as entry element Food and Agriculture Organization of the United Nations.
942 ## - ADDED ENTRY ELEMENTS (KOHA)
Koha item type សៀវភៅភាសាអង់គ្លេស
952 ## - LOCATION AND ITEM INFORMATION (KOHA)
Withdrawn status [LOCAL, KOHA] 0
Holdings
Permanent Location Date acquired Koha item type Lost status Shelving location Barcode Current Location Full call number
Library Block A2017-08-01សៀវភៅភាសាអង់គ្លេស A015A13680Library Block A333 FOO 2003 A015 Or.
មជ្ឈមណ្ឌលឯការនៃសាកលវិទ្យាល័យភូមិន្ទកសិកម្មចំការដូង

Powered by Koha